[Event "Anti Cheating Blitz Cup"]
[Site "Chess.com INT"]
[Date "2020.05.20"]
[Round "8"]
[White "Izzo, Riccardo"]
[Black "Miano, Andrea"]
[Result "1/2-1/2"]
[WhiteElo "1782"]
[BlackElo "1563"]
[PlyCount "151"]
[EventDate "2020.05.20"]
[EventType "swiss (blitz)"]
[EventRounds "11"]
[EventCountry "USA"]
[SourceTitle "CBM 196 Extra"]
[Source "ChessBase"]
[SourceDate "2020.07.31"]
[SourceVersion "1"]
[SourceVersionDate "2020.07.31"]
[SourceQuality "1"]

1. d4 e6 2. Nc3 d5 3. Bf4 c5 4. Nf3 cxd4 5. Qxd4 Nc6 6. Qa4 Bd7 7. Nb5 Rc8 8. Nxa7 Nxa7 9. Qxa7 Bc6 10. e3 Bd6 11. Bxd6 Qxd6 12. Qd4 Nf6 13. Bd3 0-0 14. 0-0 Rfe8 15. Ne5 Nd7 16. Nxd7 Bxd7 17. Qh4 g6 18. Rfd1 Qe5 19. Qd4 Qg5 20. h4 Qh6 21. Qf4 Qg7 22. c3 e5 23. Qg3 e4 24. Be2 Bc6 25. h5 Re6 26. c4 Rd8 27. cxd5 Rxd5 28. Rxd5 Bxd5 29. b3 Bc6 30. Rd1 gxh5 31. Qxg7+ Kxg7 32. Bxh5 Re7 33. Be2 Re8 34. Bc4 Ra8 35. Rd4 Rxa2 36. Kh2 Rxf2 37. Bd5 Bxd5 38. Rxd5 Re2 39. Rb5 Rxe3 40. Rxb7 Rd3 41. Kg1 Kf6 42. Kf2 Ke6 43. Rb5 Rc3 44. b4 Rb3 45. g3 e3+ 46. Ke2 f5 47. Rb6+ Ke5 48. Rh6 Ke4 49. Rxh7 Rb2+ 50. Kd1 Kf3 51. Rf7 Rxb4 52. Rxf5+ Kxg3 53. Re5 Kf2 54. Rf5+ Kg3 55. Ke2 Kg4 56. Rf7 Rb3 57. Rf8 Rb2+ 58. Kxe3 Rb3+ 59. Ke2 Rb2+ 60. Kd3 Rb3+ 61. Kc4 Rb7 62. Rg8+ Kf5 63. Rf8+ Ke6 64. Rh8 Kd6 65. Rh6+ Ke5 66. Rh5+ Kf4 67. Rh4+ Kg3 68. Rh8 Rc7+ 69. Kd4 Rd7+ 70. Ke5 Re7+ 71. Kf6 Rb7 72. Rg8+ Kf4 73. Ke6 Rb6+ 74. Kd7 Rb1 75. Rf8+ Ke5 76. Re8+ 1/2-1/2

[Event "Anti Cheating Blitz Cup"]
[Site "Chess.com INT"]
[Date "2020.05.20"]
[Round "2"]
[White "Odegov, Artem"]
[Black "Izzo, Riccardo"]
[Result "0-1"]
[WhiteElo "2259"]
[BlackElo "1782"]
[PlyCount "88"]
[EventDate "2020.05.20"]
[EventType "swiss (blitz)"]
[EventRounds "11"]
[EventCountry "USA"]
[SourceTitle "CBM 196 Extra"]
[Source "ChessBase"]
[SourceDate "2020.07.31"]
[SourceVersion "1"]
[SourceVersionDate "2020.07.31"]
[SourceQuality "1"]

1. d4 Nf6 2. Bf4 d5 3. e3 g6 4. Nd2 Bg7 5. h3 0-0 6. Ngf3 c6 7. Bh2 Nbd7 8. Be2 Qb6 9. Rb1 a5 10. c4 dxc4 11. Nxc4 Qb4+ 12. Nfd2 Nb6 13. 0-0 Nxc4 14. Nxc4 Be6 15. a3 Qb5 16. Qc2 Bxc4 17. Bxc4 Qb6 18. b4 Nd5 19. b5 e6 20. bxc6 Qxc6 21. Rfc1 Rac8 22. Bd3 Qxc2 23. Rxc2 Rxc2 24. Bxc2 b5 25. Rxb5 Rc8 26. Rb2 Bf8 27. Kf1 Bxa3 28. Ra2 Bb4 29. Bb3 Nc3 30. Rc2 Rd8 31. Bc7 Rc8 32. Bb6 Rb8 33. Bc5 Bxc5 34. Rxc3 Bb4 35. Rc6 Kg7 36. Ra6 Rd8 37. Ke2 Rd6 38. Ra7 Rc6 39. Kd3 Rc3+ 40. Ke4 Rxb3 41. g4 Rb2 42. f4 h6 43. f5 Rf2 44. fxe6 Kf6 0-1

[Event "Presolana op 35th"]
[Site "Presolana"]
[Date "2015.08.30"]
[Round "8"]
[White "Lavorgna, Giovanni"]
[Black "Izzo, Riccardo"]
[Result "1/2-1/2"]
[WhiteElo "1914"]
[BlackElo "1732"]
[PlyCount "72"]
[EventDate "2015.08.23"]
[EventType "swiss"]
[EventRounds "8"]
[EventCountry "ITA"]
[SourceTitle "EXT 2024"]
[Source "ChessBase"]
[SourceDate "2023.10.10"]
[SourceVersion "1"]
[SourceVersionDate "2023.10.10"]
[SourceQuality "1"]

1. d4 d5 2. Bf4 Nf6 3. Nf3 e6 4. e3 Nbd7 5. Bd3 b6 6. 0-0 Bb7 7. c4 Be7 8. h3 0-0 9. Nc3 c5 10. Rc1 cxd4 11. exd4 Rc8 12. Nb5 dxc4 13. Bxc4 a6 14. Nd6 Bxd6 15. Bxd6 Re8 16. Be2 Nd5 17. Qd2 N7f6 18. Be5 Ne4 19. Qd3 Nb4 20. Qb3 Qe7 21. a3 Nd5 22. Bd3 Nef6 23. Nd2 b5 24. a4 bxa4 25. Qxa4 Qb4 26. Qxb4 Nxb4 27. Bc4 Ne4 28. Nxe4 Bxe4 29. b3 Bd3 30. Rfd1 Bc2 31. Re1 Bd3 32. Rc3 Bxc4 33. bxc4 Nc6 34. Ra1 Nxe5 35. dxe5 Rc6 36. Kf1 Rec8 1/2-1/2

[Event "Presolana op 35th"]
[Site "Presolana"]
[Date "2015.08.28"]
[Round "6"]
[White "Gagliardi, Claudio"]
[Black "Izzo, Riccardo"]
[Result "0-1"]
[WhiteElo "1789"]
[BlackElo "1732"]
[PlyCount "88"]
[EventDate "2015.08.23"]
[EventType "swiss"]
[EventRounds "8"]
[EventCountry "ITA"]
[SourceTitle "EXT 2024"]
[Source "ChessBase"]
[SourceDate "2023.10.10"]
[SourceVersion "1"]
[SourceVersionDate "2023.10.10"]
[SourceQuality "1"]

1. e4 e5 2. Nf3 Nc6 3. Bb5 f5 4. d3 fxe4 5. dxe4 d6 6. h3 Nf6 7. Nc3 Be7 8. Bg5 Be6 9. Qd2 0-0 10. 0-0-0 a6 11. Bd3 Nb4 12. Kb1 Nxd3 13. cxd3 c5 14. Ne2 b5 15. Ng3 b4 16. h4 Qa5 17. b3 Qd8 18. Nf5 Bxf5 19. exf5 Nd5 20. Bxe7 Qxe7 21. Rde1 Nc3+ 22. Ka1 Rxf5 23. Re4 Nxe4 24. dxe4 Rxf3 25. Qd5+ Rf7 26. Qxa8+ Qf8 27. Qxf8+ Kxf8 28. f3 Ke7 29. Kb1 Ke6 30. Kc2 Rf4 31. Rd1 Rxh4 32. Kd3 Rh2 33. Rd2 Rh1 34. Ke3 g5 35. Kf2 h5 36. Kg3 Rc1 37. Kh2 c4 38. bxc4 Rxc4 39. Kh3 a5 40. Rd5 Rc5 41. Rd2 a4 42. Rb2 Rc4 43. Kg3 d5 44. exd5+ Kxd5 0-1

[Event "Presolana op 35th"]
[Site "Presolana"]
[Date "2015.08.25"]
[Round "3"]
[White "Izzo, Riccardo"]
[Black "Lazzarini, Sabrina"]
[Result "1/2-1/2"]
[WhiteElo "1732"]
[BlackElo "1786"]
[PlyCount "41"]
[EventDate "2015.08.23"]
[EventType "swiss"]
[EventRounds "8"]
[EventCountry "ITA"]
[SourceTitle "EXT 2024"]
[Source "ChessBase"]
[SourceDate "2023.10.10"]
[SourceVersion "1"]
[SourceVersionDate "2023.10.10"]
[SourceQuality "1"]

1. d4 d5 2. c4 c6 3. cxd5 cxd5 4. Nc3 Nf6 5. Nf3 Nc6 6. Bf4 a6 7. e3 Bf5 8. Ne5 Qb6 9. Qd2 e6 10. Rc1 Bb4 11. f3 Nh5 12. g4 Nxf4 13. Nxc6 bxc6 14. gxf5 Nh5 15. a3 Be7 16. Bd3 Bh4+ 17. Ke2 exf5 18. Na4 Qc7 19. Qc3 0-0 20. Qxc6 Qe7 21. Qc7 1/2-1/2

[Event "Milan Carnevale op-B 6th"]
[Site "Milan"]
[Date "2015.02.22"]
[Round "5"]
[White "Alidosi, Marco"]
[Black "Izzo, Riccardo"]
[Result "1/2-1/2"]
[WhiteElo "1743"]
[BlackElo "1683"]
[PlyCount "51"]
[EventDate "2015.02.18"]
[EventType "swiss"]
[EventRounds "6"]
[EventCountry "ITA"]
[SourceTitle "EXT 2017"]
[Source "ChessBase"]
[SourceDate "2016.10.25"]
[SourceVersion "1"]
[SourceVersionDate "2016.10.25"]
[SourceQuality "1"]

1. d4 d5 2. Bf4 Bf5 3. e3 Nf6 4. Nd2 e6 5. Ngf3 Nbd7 6. Bd3 Bxd3 7. cxd3 c6 8. Qb3 Qb6 9. 0-0 Be7 10. h3 0-0 11. Rfc1 c5 12. dxc5 Bxc5 13. d4 Qxb3 14. Nxb3 Bb6 15. Rc2 Rfc8 16. Rac1 Rxc2 17. Rxc2 Ne4 18. Nbd2 Nef6 19. Ne5 Kf8 20. Nxd7+ Nxd7 21. Bd6+ Ke8 22. b4 Bd8 23. Nb3 Be7 24. Bxe7 Kxe7 25. Na5 b6 26. Nb3 1/2-1/2

[Event "Milan Carnevale op-B 6th"]
[Site "Milan"]
[Date "2015.02.20"]
[Round "3"]
[White "Cagnotto, Marco"]
[Black "Izzo, Riccardo"]
[Result "0-1"]
[WhiteElo "1686"]
[BlackElo "1683"]
[PlyCount "44"]
[EventDate "2015.02.18"]
[EventType "swiss"]
[EventRounds "6"]
[EventCountry "ITA"]
[SourceTitle "EXT 2017"]
[Source "ChessBase"]
[SourceDate "2016.10.25"]
[SourceVersion "1"]
[SourceVersionDate "2016.10.25"]
[SourceQuality "1"]

1. e4 e5 2. Nf3 Nc6 3. d4 exd4 4. Nxd4 Bc5 5. Be3 Qf6 6. c3 Nge7 7. Bc4 Ne5 8. Bb3 0-0 9. 0-0 d6 10. Na3 N7c6 11. Nxc6 Nxc6 12. Bxc5 dxc5 13. Qc2 a6 14. Bc4 Ne5 15. Be2 b5 16. Nb1 Bb7 17. Nd2 Rfe8 18. f3 c4 19. Rfe1 Rad8 20. b3 Nd3 21. Red1 Qb6+ 22. Kh1 Nf2+ 0-1

[Event "Milan Carnevale op-B 6th"]
[Site "Milan"]
[Date "2015.02.18"]
[Round "1"]
[White "Izzo, Riccardo"]
[Black "Biava, Pierluigi"]
[Result "1-0"]
[WhiteElo "1683"]
[BlackElo "1618"]
[PlyCount "65"]
[EventDate "2015.02.18"]
[EventType "swiss"]
[EventRounds "6"]
[EventCountry "ITA"]
[SourceTitle "EXT 2017"]
[Source "ChessBase"]
[SourceDate "2016.10.25"]
[SourceVersion "1"]
[SourceVersionDate "2016.10.25"]
[SourceQuality "1"]

1. d4 Nf6 2. Bg5 e6 3. e4 Be7 4. e5 Nd5 5. Bxe7 Qxe7 6. c3 d6 7. Nf3 Nd7 8. exd6 cxd6 9. Bc4 N7b6 10. Bb5+ Bd7 11. Bxd7+ Qxd7 12. 0-0 Na4 13. c4 Nf6 14. b3 Nb6 15. Nc3 0-0 16. Qd2 a6 17. Qf4 Qc6 18. Rac1 Rac8 19. Rfe1 Qc7 20. Rb1 d5 21. Qxc7 Rxc7 22. c5 Nbd7 23. b4 b5 24. Ra1 Nb6 25. Ne5 Nc4 26. a4 Rb8 27. Nxc4 bxc4 28. b5 axb5 29. axb5 Ne4 30. Nxe4 dxe4 31. b6 Rd7 32. Rxe4 Kf8 33. c6 1-0

[Event "Milan Carnevale op-B 6th"]
[Site "Milan"]
[Date "2015.02.18"]
[Round "1"]
[White "Izzo, Riccardo"]
[Black "Zecchini, Diego"]
[Result "1-0"]
[WhiteElo "1683"]
[BlackElo "1530"]
[PlyCount "37"]
[EventDate "2015.02.18"]
[EventType "swiss"]
[EventRounds "6"]
[EventCountry "ITA"]
[SourceTitle "EXT 2017"]
[Source "ChessBase"]
[SourceDate "2016.10.25"]
[SourceVersion "1"]
[SourceVersionDate "2016.10.25"]
[SourceQuality "1"]

1. d4 Nf6 2. Bg5 e6 3. Nf3 Be7 4. c4 d5 5. Nc3 Nbd7 6. e3 c5 7. cxd5 exd5 8. dxc5 Bxc5 9. Bb5 0-0 10. 0-0 Qb6 11. Bxd7 Bxd7 12. Nxd5 Nxd5 13. Qxd5 Bc6 14. Qf5 h6 15. Bh4 Rfe8 16. Ne5 f6 17. Bxf6 gxf6 18. Qg6+ Kf8 19. Qf7# 1-0

[Event "Milan Province-ch"]
[Site "Milan"]
[Date "2015.01.25"]
[Round "2"]
[White "Bonghi, Fabrizio"]
[Black "Izzo, Riccardo"]
[Result "0-1"]
[WhiteElo "1518"]
[BlackElo "1647"]
[PlyCount "48"]
[EventDate "2015.01.24"]
[EventType "swiss"]
[EventRounds "6"]
[EventCountry "ITA"]
[SourceTitle "EXT 2017"]
[Source "ChessBase"]
[SourceDate "2016.10.25"]
[SourceVersion "1"]
[SourceVersionDate "2016.10.25"]
[SourceQuality "1"]

1. f4 d5 2. e3 Nf6 3. Nf3 e6 4. d4 Nbd7 5. Be2 Be7 6. 0-0 0-0 7. c4 b6 8. b3 Bb7 9. Bb2 c5 10. Nbd2 dxc4 11. Nxc4 Nd5 12. Qd2 N7f6 13. Nfe5 cxd4 14. Bxd4 Ne4 15. Qb2 Bc5 16. Rfd1 Qe7 17. Bd3 Bxd4 18. Qxd4 Nc5 19. Ng4 h6 20. e4 Nxf4 21. Qe3 Ncxd3 22. Rxd3 Nxd3 23. Nxh6+ gxh6 24. Qxh6 Qc5+ 0-1

[Event "Milan Crespi op-B 35th"]
[Site "Milan"]
[Date "2014.12.08"]
[Round "7"]
[White "Izzo, Riccardo"]
[Black "Pandini, Giuseppe"]
[Result "1/2-1/2"]
[WhiteElo "1647"]
[BlackElo "1712"]
[PlyCount "87"]
[EventDate "2014.12.04"]
[EventType "swiss"]
[EventRounds "7"]
[EventCountry "ITA"]
[SourceTitle "EXT 2017"]
[Source "ChessBase"]
[SourceDate "2016.10.25"]
[SourceVersion "1"]
[SourceVersionDate "2016.10.25"]
[SourceQuality "1"]

1. d4 b6 2. e4 Bb7 3. Nc3 e6 4. a3 d6 5. Bb5+ Nd7 6. Nf3 a6 7. Bd3 h6 8. 0-0 g6 9. Re1 Bg7 10. Ne2 Ne7 11. Ng3 Rc8 12. c4 0-0 13. Be3 c5 14. dxc5 dxc5 15. Rb1 Kh7 16. Qc2 Qc7 17. Bd2 Ne5 18. Nxe5 Bxe5 19. Bc3 Nc6 20. Bxe5 Nxe5 21. Rbd1 Rfd8 22. f3 Rd6 23. Be2 Rd4 24. b3 Rcd8 25. Kf2 R8d7 26. Rxd4 Rxd4 27. Rd1 Nc6 28. Rd3 Qd8 29. Qd1 e5 30. Nf1 Qf6 31. Ne3 Qh4+ 32. Kg1 Qd8 33. Nd5 Ne7 34. Qd2 g5 35. g4 Ng6 36. Kf2 Bxd5 37. cxd5 b5 38. Qc3 Qb6 39. Rxd4 cxd4 40. Qc6 Qa7 41. Ke1 Nf4 42. Qc2 Ng2+ 43. Kd2 Nf4 44. Bd3 1/2-1/2

[Event "Milan Crespi op-B 35th"]
[Site "Milan"]
[Date "2014.12.05"]
[Round "2"]
[White "Silari, Andrea"]
[Black "Izzo, Riccardo"]
[Result "1/2-1/2"]
[WhiteElo "1719"]
[BlackElo "1647"]
[PlyCount "58"]
[EventDate "2014.12.04"]
[EventType "swiss"]
[EventRounds "7"]
[EventCountry "ITA"]
[SourceTitle "EXT 2017"]
[Source "ChessBase"]
[SourceDate "2016.10.25"]
[SourceVersion "1"]
[SourceVersionDate "2016.10.25"]
[SourceQuality "1"]

1. e4 e5 2. Nf3 Nc6 3. Bb5 a6 4. Ba4 Nf6 5. 0-0 b5 6. Bb3 Be7 7. Re1 0-0 8. c3 d6 9. h3 Na5 10. Bc2 c5 11. d4 Qc7 12. d5 h6 13. Nbd2 Nh7 14. Nf1 Nc4 15. Ng3 Nb6 16. b3 a5 17. a3 Bd7 18. Be3 a4 19. b4 cxb4 20. cxb4 Nc4 21. Nd2 Nxe3 22. fxe3 Rac8 23. Rc1 Qb6 24. Nf5 Bg5 25. h4 Bf6 26. g3 Bxf5 27. exf5 Rc3 28. Kf2 Rfc8 29. Nb1 R3c4 1/2-1/2

[Event "Milan Crespi op-B 35th"]
[Site "Milan"]
[Date "2014.12.04"]
[Round "1"]
[White "Altissimo, Dino"]
[Black "Izzo, Riccardo"]
[Result "0-1"]
[WhiteElo "1444"]
[BlackElo "1647"]
[PlyCount "54"]
[EventDate "2014.12.04"]
[EventType "swiss"]
[EventRounds "7"]
[EventCountry "ITA"]
[SourceTitle "EXT 2017"]
[Source "ChessBase"]
[SourceDate "2016.10.25"]
[SourceVersion "1"]
[SourceVersionDate "2016.10.25"]
[SourceQuality "1"]

1. e4 e5 2. Nf3 Nf6 3. d3 Nc6 4. Be2 h6 5. Nbd2 Bc5 6. Nb3 Bb6 7. Nh4 0-0 8. Nf5 d6 9. Bh5 Nxh5 10. Qxh5 Qf6 11. Qf3 Bxf5 12. exf5 Rab8 13. Be3 e4 14. dxe4 Qxb2 15. 0-0 Bxe3 16. fxe3 Qxc2 17. Qf4 Rfe8 18. Rf2 Qxe4 19. Qg3 Qxe3 20. Raf1 Qxg3 21. hxg3 Re3 22. Kh2 Ne5 23. Kh3 c5 24. Rf4 b5 25. Kh4 g5+ 26. fxg6 Nxg6+ 27. Kh5 Nxf4+ 0-1

[Event "Milan Palladino Memorial-B 6th"]
[Site "Milan"]
[Date "2014.04.21"]
[Round "6"]
[White "Poletto, Daniele"]
[Black "Izzo, Riccardo"]
[Result "1-0"]
[WhiteElo "1765"]
[BlackElo "1600"]
[PlyCount "61"]
[EventDate "2014.04.17"]
[EventType "swiss"]
[EventRounds "7"]
[EventCountry "ITA"]
[SourceTitle "EXT 2015"]
[Source "ChessBase"]
[SourceDate "2014.11.20"]
[SourceVersion "1"]
[SourceVersionDate "2014.11.20"]
[SourceQuality "1"]

1. c4 e5 2. Nc3 Nc6 3. g3 Bc5 4. Bg2 Nge7 5. e3 d6 6. Nge2 0-0 7. 0-0 Bf5 8. d4 exd4 9. Nxd4 Bd7 10. h3 Qc8 11. Kh2 Ne5 12. b3 Bb4 13. Bb2 Bc6 14. Nxc6 N7xc6 15. a3 Bc5 16. Ne4 Bb6 17. Qh5 Qe6 18. Ng5 Qg6 19. Qxg6 fxg6 20. Bd5+ Kh8 21. Bxe5 Nxe5 22. f4 Bxe3 23. Ne6 Nc6 24. Nxf8 Rxf8 25. Bxc6 bxc6 26. Rae1 Bb6 27. b4 h6 28. a4 c5 29. a5 cxb4 30. axb6 cxb6 31. Re7 1-0

[Event "Milan Crespi op-B 34th"]
[Site "Milan"]
[Date "2013.12.07"]
[Round "5"]
[White "Frignani, Alessandro"]
[Black "Izzo, Riccardo"]
[Result "0-1"]
[WhiteElo "1369"]
[BlackElo "1601"]
[PlyCount "136"]
[EventDate "2013.12.04"]
[EventType "swiss"]
[EventRounds "7"]
[EventCountry "ITA"]
[SourceTitle "EXT 2015"]
[Source "ChessBase"]
[SourceDate "2014.11.20"]
[SourceVersion "1"]
[SourceVersionDate "2014.11.20"]
[SourceQuality "1"]

1. e4 e5 2. Bc4 Nc6 3. Qf3 Qf6 4. c3 Bc5 5. Ne2 d6 6. d3 Qxf3 7. gxf3 Be6 8. Bxe6 fxe6 9. Be3 Bb6 10. Nd2 Nge7 11. 0-0-0 0-0-0 12. Rdg1 g6 13. Bxb6 axb6 14. Kc2 Rhf8 15. Rg4 Kd7 16. f4 exf4 17. Rxf4 Rxf4 18. Nxf4 Rf8 19. Nh3 h6 20. f3 g5 21. Rg1 Ng6 22. Rg4 Nce5 23. Rg3 Ra8 24. a3 c5 25. Nc4 Nxc4 26. dxc4 e5 27. Kd3 Kc6 28. Ke3 b5 29. cxb5+ Kxb5 30. Nf2 Kc4 31. Kd2 Kb3 32. Kc1 Nf4 33. Kb1 b5 34. Ng4 Ne2 35. Rg2 Nf4 36. Rf2 h5 37. Nf6 b4 38. cxb4 cxb4 39. axb4 Kxb4 40. Rd2 Rd8 41. Nd5+ Nxd5 42. Rxd5 Kb3 43. Rd3+ Kc4 44. Kc2 Rf8 45. h3 Rf7 46. b3+ Kb4 47. Kd2 Kc5 48. Kc3 Rf4 49. b4+ Kb5 50. Rd5+ Kc6 51. b5+ Kc7 52. Rd3 Rh4 53. Kc4 Rxh3 54. Kd5 g4 55. Rb3 gxf3 56. b6+ Kb7 57. Kxd6 f2 58. Rb1 Rf3 59. Rf1 Kxb6 60. Kxe5 Kc7 61. Kd4 h4 62. e5 h3 63. Ke4 Rf8 64. Ke3 h2 65. Ke2 Rg8 66. Kxf2 Rf8+ 67. Kg2 Rxf1 68. Kxh2 Re1 0-1

[Event "Milan Crespi op-C 33rd"]
[Site "Milan"]
[Date "2012.12.09"]
[Round "6"]
[White "Izzo, Riccardo"]
[Black "Spelta, Andrea"]
[Result "1/2-1/2"]
[WhiteElo "1653"]
[BlackElo "1744"]
[PlyCount "114"]
[EventDate "2012.12.05"]
[EventType "swiss"]
[EventRounds "7"]
[EventCountry "ITA"]
[SourceTitle "EXT 2024"]
[Source "ChessBase"]
[SourceDate "2023.10.10"]
[SourceVersion "1"]
[SourceVersionDate "2023.10.10"]
[SourceQuality "1"]

1. d4 b6 2. e4 Bb7 3. Nc3 e6 4. Nf3 Bb4 5. Bd3 Nf6 6. Bg5 h6 7. Bxf6 Qxf6 8. 0-0 Bxc3 9. bxc3 0-0 10. c4 d6 11. d5 Nd7 12. Nd2 e5 13. Nb3 Rfe8 14. Qg4 Bc8 15. f4 Qe7 16. f5 Nf6 17. Qe2 Nd7 18. Rf3 Kf8 19. Qe3 Qf6 20. Raf1 Nc5 21. Nxc5 bxc5 22. Qf2 Rb8 23. h4 Ke7 24. g4 Rh8 25. Qg3 Kd7 26. g5 hxg5 27. Qxg5 Qxg5+ 28. hxg5 Ba6 29. c3 Rb2 30. R3f2 Rxf2 31. Rxf2 Rh3 32. Rd2 Rg3+ 33. Kf2 Rxg5 34. Be2 Ke7 35. Rb2 g6 36. fxg6 Rxg6 37. Rb8 Kd7 38. Ra8 Bb7 39. Rxa7 Kc8 40. Ra3 c6 41. Rb3 Rh6 42. Ke3 Rh1 43. Kd2 Ra1 44. Rb2 Kc7 45. Bd1 cxd5 46. cxd5 Ba6 47. Be2 Bxe2 48. Kxe2 Rh1 49. Kd3 Rh3+ 50. Kc4 Re3 51. Kb5 Rxc3 52. Rf2 Ra3 53. Rxf7+ Kd8 54. Rf2 Kd7 55. Rh2 Ke7 56. Rh7+ Kd8 57. Rh2 Ke7 1/2-1/2

[Event "Milan Crespi op-C 33rd"]
[Site "Milan"]
[Date "2012.12.08"]
[Round "5"]
[White "Lamperti, Gian Loris"]
[Black "Izzo, Riccardo"]
[Result "0-1"]
[WhiteElo "1679"]
[BlackElo "1653"]
[PlyCount "42"]
[EventDate "2012.12.05"]
[EventType "swiss"]
[EventRounds "7"]
[EventCountry "ITA"]
[SourceTitle "EXT 2024"]
[Source "ChessBase"]
[SourceDate "2023.10.10"]
[SourceVersion "1"]
[SourceVersionDate "2023.10.10"]
[SourceQuality "1"]

1. d4 d5 2. c4 e6 3. Nc3 Nf6 4. Nf3 Bb4 5. e3 b6 6. a3 Bxc3+ 7. bxc3 Nbd7 8. cxd5 Nxd5 9. Qc2 Bb7 10. e4 N5f6 11. Bd3 c5 12. Bb2 Rc8 13. Qe2 0-0 14. 0-0 Re8 15. Rad1 Qc7 16. e5 Nd5 17. Bxh7+ Kxh7 18. Ng5+ Kg8 19. Qh5 Nf8 20. Bc1 f6 21. Rd3 g6 0-1

[Event "Milan Crespi op-C 33rd"]
[Site "Milan"]
[Date "2012.12.07"]
[Round "3"]
[White "Donadi, Luca"]
[Black "Izzo, Riccardo"]
[Result "1-0"]
[WhiteElo "1689"]
[BlackElo "1653"]
[PlyCount "91"]
[EventDate "2012.12.05"]
[EventType "swiss"]
[EventRounds "7"]
[EventCountry "ITA"]
[SourceTitle "EXT 2024"]
[Source "ChessBase"]
[SourceDate "2023.10.10"]
[SourceVersion "1"]
[SourceVersionDate "2023.10.10"]
[SourceQuality "1"]

1. e4 e5 2. Nf3 Nc6 3. Bc4 Bc5 4. c3 Nf6 5. d4 exd4 6. cxd4 Bb4+ 7. Nc3 Nxe4 8. 0-0 Bxc3 9. d5 Ne7 10. bxc3 Nd6 11. Re1 0-0 12. Bd3 Re8 13. c4 b6 14. Bb2 Ng6 15. Qc2 Bb7 16. Qc3 Qf6 17. Qd2 Qd8 18. Qc3 Qf6 19. Qxf6 gxf6 20. Bxf6 Nf4 21. Bc2 Ng6 22. h4 Ne4 23. Bd4 c5 24. Bb2 d6 25. Bd3 f5 26. g3 Kf7 27. Bxe4 Rxe4 28. Rxe4 fxe4 29. Ng5+ Ke7 30. Nxe4 Ba6 31. Re1 Ne5 32. Nd2 Kd7 33. Bxe5 dxe5 34. Rxe5 Kd6 35. f4 Rg8 36. Kf2 Rg7 37. Kf3 Bc8 38. Ne4+ Kd7 39. g4 Kd8 40. g5 Ba6 41. Nd2 Rf7 42. f5 Kd7 43. f6 b5 44. Re6 Bb7 45. Ke4 b4 46. Nb3 1-0

[Event "Milan Crespi op-C 33rd"]
[Site "Milan"]
[Date "2012.12.05"]
[Round "1"]
[White "Alidosi, Marco"]
[Black "Izzo, Riccardo"]
[Result "1/2-1/2"]
[WhiteElo "1785"]
[BlackElo "1653"]
[PlyCount "125"]
[EventDate "2012.12.05"]
[EventType "swiss"]
[EventRounds "7"]
[EventCountry "ITA"]
[SourceTitle "EXT 2024"]
[Source "ChessBase"]
[SourceDate "2023.10.10"]
[SourceVersion "1"]
[SourceVersionDate "2023.10.10"]
[SourceQuality "1"]

1. d4 d5 2. c4 e6 3. Nc3 Nf6 4. cxd5 exd5 5. Bg5 Bb4 6. a3 Bxc3+ 7. bxc3 0-0 8. e3 Bf5 9. Nf3 Qd6 10. Bxf6 Qxf6 11. Be2 Nd7 12. 0-0 Be4 13. a4 Rac8 14. Qb3 Qb6 15. Qxb6 Nxb6 16. Nd2 Bf5 17. Bf3 Be6 18. a5 Nd7 19. Rfb1 Rb8 20. Rb2 b6 21. axb6 axb6 22. Ra7 Rfc8 23. e4 dxe4 24. Bxe4 Nf6 25. Bc6 Bd5 26. Bxd5 Nxd5 27. c4 Nf6 28. f3 Ra8 29. Rba2 Rxa7 30. Rxa7 Kf8 31. Kf2 Rd8 32. Ke3 Rd7 33. g4 g5 34. Kd3 Ke7 35. d5 c6 36. Rxd7+ Kxd7 37. dxc6+ Kxc6 38. Kd4 Ng8 39. Ne4 Kd7 40. Nc3 Kd6 41. Ne4+ Ke7 42. Nxg5 h6 43. Ne4 Kd7 44. h4 Ne7 45. Nf6+ Ke6 46. Ne4 Nc6+ 47. Ke3 Ne5 48. Nd2 f6 49. Ke4 Kd6 50. Kd4 Nc6+ 51. Kc3 Ne5 52. Kb4 Kc6 53. Ne4 Nxf3 54. Nxf6 Nxh4 55. Ng8 Ng6 56. Nxh6 Ne5 57. g5 Nd3+ 58. Kc3 Ne5 59. Nf5 Ng6 60. Kd4 Nh8 61. Nh4 b5 62. cxb5+ Kxb5 63. Ke5 1/2-1/2